Ramanujan's Contributions: (Record no. 211717)

MARC details
000 -LEADER
fixed length control field 00569nam a22001937a 4500
005 - DATE AND TIME OF LATEST TRANSACTION
control field 20250610170541.0
010 ## - LCCN (DPL NO)
LC control number ENG-145280
020 ## - INTERNATIONAL STANDARD BOOK NUMBER
International Standard Book Number 9789385883002
Terms of availability 1695.00
035 ## - SYSTEM CONTROL NUMBER
System control number EN-128812
037 ## - SOURCE OF ACQUISITION
Source of stock number/acquisition DBAD
082 ## - DEWEY DECIMAL CLASSIFICATION NUMBER
Classification number 510.92
100 ## - MAIN ENTRY--PERSONAL NAME
Personal name Thivagar, M.L.
245 ## - TITLE STATEMENT
Title Ramanujan's Contributions:
Remainder of title A Technical Report/
Statement of responsibility, etc M.L. Thivagar
260 ## - PUBLICATION, DISTRIBUTION, ETC. (IMPRINT)
Place of publication, distribution, etc New Delhi
Name of publisher, distributor, etc Studera Press
Date of publication, distribution, etc 2016
270 ## - ADDRESS
Address 1586/113,FF,Tri Nagar
City New Delhi
Postal code 110035
300 ## - PHYSICAL DESCRIPTION
Extent x,232p.
Dimensions 24cm(Hb)
500 ## - GENERAL NOTE
General note Includes index
942 ## - ADDED ENTRY ELEMENTS (KOHA)
Source of classification or shelving scheme Dewey Decimal Classification
Item type English Books
Classification part 510.92
Call number suffix THI
Holdings
Withdrawn status Lost status Not for loan Collection code Home library Current library Date acquired Source of acquisition Cost, normal purchase price Full call number Barcode Copy number Cost, replacement price Koha item type
      Non-fiction Mobile Library Mobile Library 10/06/2025 Delivery of Books Act Division 1695.00 510.92 THI EN-128812 1 1695.00 English Books

© Delhi Public Library
Hit Counter
free hit counter